000 00504nab a2200145Ia 4500
003 ES-SlBCS
005 20210601125351.0
008 140529s1998 xxu||||| |||| 00| 0 eng d
041 _aeng
100 1 _aHawley, Katherine
_9151122
245 0 0 _aWhy Temporary Properties are not Relations between Physical Objets and Times
_c Katherine Hawley
650 0 4 _aObjetos Físicos-Tiempo
_9157428
773 0 _tProceedings of the Aristotelian Society
_gvol. 98, nº. 2, 1998, págs. 211-216
_wRev837
942 _cAR
999 _c529257
_d529257